00610nam a2200157Ia 4500008004100000100001700041245010500058245004800163260005300211260000900264300001100273650001500284856006100299999001900360952007300379170221s9999 xx 000 0 und d aM.V. Kitaeva aMathematical Models of Multi-criteria Optimization of Subsystems of Higher Educational Institutions  cM.V. Kitaeva, N.V. Speshilova, V. N. Shepel bInternational Review of Management and Marketing c2016 a6 : 5S xMarketing. uhttp://www.econjournals.com/index.php/irmm/issue/view/83 c308366d308366 001040aCLbCLd2017-02-21l0r2017-02-21 00:00:00w2017-02-21yFOJ